| 000 | 00579nam a2200193 4500 | ||
|---|---|---|---|
| 003 | OSt | ||
| 005 | 20160302170753.0 | ||
| 008 | 160302b xxu||||| |||| 00| 0 eng d | ||
| 020 | _a978997002683 | ||
| 040 | _c040a | ||
| 082 |
_a362.5 _bMUH 2007 |
||
| 100 |
_aMuhumuza, William _97028 |
||
| 245 |
_aCredit and the reduction of poverty in Uganda : _bstructural adjustment reforms in the context / _cWilliam Muhumuza |
||
| 260 |
_aKampala _bFountain Publishers _c2007 |
||
| 300 |
_axv, 308p; _bill : _c10 cm |
||
| 504 | _aIncludes index | ||
| 650 |
_aPoverty _98 |
||
| 942 |
_2ddc _cSLOAN |
||
| 999 |
_c3148 _d3148 |
||